000 00352nam a22001577a 4500
003 SGT
020 _a978126428582
082 _a616
_bH22L
100 _aLOSCALZO, JOSEPH, ed.
245 _aHARRISON'S INTERNAL MEDICINE
250 _a21TH
260 _aNEW YORK
_bMC GRAW HILL
_c2022
300 _aI-211,I-235
650 _aMEDICINE
942 _2ddc
_cBK
999 _c23032
_d23032